|
|
|
|
| LEADER |
01355cam a2200337 a 4500 |
| 001 |
2485667 |
| 003 |
BD-DhAAL |
| 005 |
20241008160421.0 |
| 008 |
241008t19911999enka b 001 0 eng |
| 010 |
|
|
|a 91005031
|
| 020 |
|
|
|a 0862328683
|
| 020 |
|
|
|a 0862328691 (pbk.)
|
| 020 |
|
|
|a 9840514997
|
| 040 |
|
|
|a DLC
|c DLC
|d DLC
|d BD-DhAAL
|
| 043 |
|
|
|a a-br---
|
| 050 |
0 |
0 |
|a DS530.4
|b .S65 1991
|
| 082 |
0 |
0 |
|a 959.105
|2 20
|
| 100 |
1 |
|
|a Smith, Martin J.
|q (Martin John),
|d 1961-
|9 56946
|
| 245 |
1 |
0 |
|a Burma :
|b insurgency and the politics of ethnicity /
|c Martin Smith.
|
| 250 |
|
|
|a Second edition.
|
| 260 |
|
|
|a Dhaka :
|b University Press,
|c ©1999.
|
| 300 |
|
|
|a xviii, 492 pages :
|b illustrations ;
|c 24 cm.
|
| 504 |
|
|
|a Includes bibliographical references (p. 429-481) and index.
|
| 541 |
|
|
|a Donation from the Asia Foundation/ Savar Campus
|e 43518
|
| 650 |
|
0 |
|a Insurgency
|z Burma
|x History.
|9 56947
|
| 651 |
|
0 |
|a Burma
|z Politics and government
|x 1948-
|9 56948
|
| 651 |
|
0 |
|a Burma
|x Ethnic relations
|x Political aspects.
|9 56949
|
| 852 |
|
|
|a Ayesha Abed Library
|c General Stacks
|
| 942 |
|
|
|2 ddc
|c BK
|
| 999 |
|
|
|c 47010
|d 47010
|
| 952 |
|
|
|0 0
|1 0
|2 ddc
|4 0
|6 959_105000000000000_SMI
|7 0
|9 76680
|a SCL
|b SCL
|c GEN
|d 2024-10-08
|e Donation from the Asia Foundation/ Savar Campus
|g 790.00
|l 0
|o 959.105 SMI
|p 3020043518
|r 2024-10-08
|t 1
|w 2024-10-08
|y BK
|x Price not available in register.
|